[Event "Week's Tournament Elo 1799- (WT1)"]
[Site "Biel, CH"]
[Date "2025.07.22"]
[Round "2"]
[White "Nuh Nizar Hilmi"]
[Black "Ulmann, Olivier"]
[Result "0-1"]
[Board "6"]
[WhiteFideId "48754498"]
[BlackFideId "1316770"]
[WhiteElo "1521"]
[BlackElo "1733"]
[WhiteTeam "IND"]
[BlackTeam "SUI"]
[WhiteClock "0:23:36"]
[BlackClock "0:05:02"]
[Variant "Standard"]

1. d4 {[%clk 0:58:28]}  Nf6 {[%clk 1:00:29]} 2. c4 {[%clk 0:58:16]}  e6 {[%clk 1:00:44]} 3. g3 {[%clk 0:59:13]}  d5 {[%clk 1:00:47]} 4. Bg2 {[%clk 0:59:30]}  c5 {[%clk 1:00:53]} 5. Nf3 {[%clk 0:56:14]}  Nc6 {[%clk 1:01:05]} 6. Nc3 {[%clk 0:55:14]}  cxd4 {[%clk 0:57:58]} 7. Nxd4 {[%clk 0:51:48]}  Bb4 {[%clk 0:55:01]} 8. O-O {[%clk 0:48:36]}  O-O {[%clk 0:54:53]} 9. Bg5 {[%clk 0:45:14]}  Be7 {[%clk 0:52:53]} 10. cxd5 {[%clk 0:41:54]}  Nxd5 {[%clk 0:51:14]} 11. Nxc6 {[%clk 0:36:55]}  bxc6 {[%clk 0:50:53]} 12. Bxe7 {[%clk 0:36:06]}  Qxe7 {[%clk 0:51:02]} 13. Qc2 {[%clk 0:33:55]}  Ba6 {[%clk 0:49:58]} 14. Rac1 {[%clk 0:30:22]}  Nxc3 {[%clk 0:48:00]} 15. Qxc3 {[%clk 0:29:25]}  Bxe2 {[%clk 0:47:25]} 16. Rfe1 {[%clk 0:25:59]}  Bb5 {[%clk 0:46:49]} 17. Bxc6 {[%clk 0:25:49]}  Bxc6 {[%clk 0:46:57]} 18. Qxc6 {[%clk 0:25:52]}  Qb4 {[%clk 0:45:38]} 19. Re2 {[%clk 0:21:27]}  Rab8 {[%clk 0:42:20]} 20. Qc3 {[%clk 0:22:39]}  g6 {[%clk 0:40:19]} 21. Qxb4 {[%clk 0:22:09]}  Rxb4 {[%clk 0:40:32]} 22. a3 {[%clk 0:20:36]}  Rb3 {[%clk 0:40:42]} 23. Rc7 {[%clk 0:20:12]}  Rfb8 {[%clk 0:40:18]} 24. Rd2 {[%clk 0:20:35]}  R8b7 {[%clk 0:35:23]} 25. Rxb7 {[%clk 0:19:48]}  Rxb7 {[%clk 0:35:43]} 26. b4 {[%clk 0:14:18]}  a5 {[%clk 0:30:34]} 27. bxa5 {[%clk 0:14:59]}  Ra7 {[%clk 0:30:36]} 28. a4 {[%clk 0:15:00]}  Rxa5 {[%clk 0:30:28]} 29. Ra2 {[%clk 0:15:23]}  Kf8 {[%clk 0:25:35]} 30. Kf1 {[%clk 0:15:46]}  Ke7 {[%clk 0:25:14]} 31. Ke2 {[%clk 0:16:10]}  Kd6 {[%clk 0:25:30]} 32. Kd3 {[%clk 0:10:39]}  Kd5 {[%clk 0:14:20]} 33. Kc3 {[%clk 0:16:49]}  Kc5 {[%clk 0:14:41]} 34. Kb3 {[%clk 0:17:00]}  Kb6 {[%clk 0:08:52]} 35. Kb4 {[%clk 0:17:14]}  Rd5 {[%clk 0:05:37]} 36. a5+ {[%clk 0:17:29]}  Ka6 {[%clk 0:05:49]} 37. Rc2 {[%clk 0:17:40]}  Rxa5 {[%clk 0:04:18]} 38. Rc6+ {[%clk 0:17:55]}  Kb7 {[%clk 0:04:28]} 39. Rc7+ {[%clk 0:17:07]}  Kxc7 {[%clk 0:04:38]} 40. Kxa5 {[%clk 0:16:53]}  Kc6 {[%clk 0:04:28]} 41. Kb4 {[%clk 0:17:47]}  Kd5 {[%clk 0:04:44]} 42. Kc3 {[%clk 0:18:10]}  Ke4 {[%clk 0:04:48]} 43. Kd2 {[%clk 0:18:32]}  Kf3 {[%clk 0:04:54]} 44. Ke1 {[%clk 0:18:58]}  h5 {[%clk 0:04:25]} 45. Kf1 {[%clk 0:19:17]}  e5 {[%clk 0:04:08]} 46. h4 {[%clk 0:19:28]}  f6 {[%clk 0:03:54]} 47. Kg1 {[%clk 0:19:46]}  g5 {[%clk 0:03:28]} 48. hxg5 {[%clk 0:20:10]}  fxg5 {[%clk 0:03:44]} 49. Kf1 {[%clk 0:20:31]}  e4 {[%clk 0:03:41]} 50. Kg1 {[%clk 0:20:47]}  h4 {[%clk 0:03:45]} 51. gxh4 {[%clk 0:21:06]}  gxh4 {[%clk 0:04:09]} 52. Kh2 {[%clk 0:21:30]}  Kxf2 {[%clk 0:04:16]} 53. Kh3 {[%clk 0:21:56]}  e3 {[%clk 0:04:36]} 54. Kxh4 {[%clk 0:22:20]}  e2 {[%clk 0:04:53]} 55. Kg4 {[%clk 0:22:48]}  e1=Q {[%clk 0:05:08]} 56. Kh3 {[%clk 0:23:16]}  Qe4 {[%clk 0:04:41]} 57. Kh2 {[%clk 0:23:36]}  Qh4 {[%clk 0:05:02]} 0-1

[Event "Week's Tournament Elo 1799- (WT1)"]
[Site "Biel, CH"]
[Date "2025.07.22"]
[Round "2"]
[White "Dzakula, Igor"]
[Black "Ammeter, Nicolas"]
[Result "1-0"]
[Board "7"]
[WhiteFideId "1357344"]
[BlackFideId "1357972"]
[WhiteElo "1728"]
[BlackElo "1621"]
[WhiteTeam "SUI"]
[BlackTeam "SUI"]
[WhiteClock "0:01:27"]
[BlackClock "0:01:30"]
[Variant "Standard"]

1. b3 {[%clk 1:00:59]}  e5 {[%clk 1:00:57]} 2. Bb2 {[%clk 1:00:50]}  Nc6 {[%clk 1:01:23]} 3. e3 {[%clk 1:01:46]}  Nf6 {[%clk 1:00:44]} 4. Bb5 {[%clk 1:01:47]}  Bd6 {[%clk 1:02:00]} 5. Na3 {[%clk 0:59:21]}  Na5 {[%clk 1:00:10]} 6. c4 {[%clk 0:53:57]}  c6 {[%clk 0:59:28]} 7. c5 {[%clk 0:52:42]}  Bxc5 {[%clk 0:57:44]} 8. Be2 {[%clk 0:45:12]}  e4 {[%clk 0:54:11]} 9. Nc2 {[%clk 0:43:30]}  b5 {[%clk 0:52:52]} 10. b4 {[%clk 0:35:40]}  Be7 {[%clk 0:51:16]} 11. bxa5 {[%clk 0:54:36]}  Qxa5 {[%clk 0:45:40]} 12. Nh3 {[%clk 0:50:12]}  d5 {[%clk 0:45:11]} 13. Nf4 {[%clk 0:48:22]}  c5 {[%clk 0:41:31]} 14. O-O {[%clk 0:40:57]}  c4 {[%clk 0:32:05]} 15. Nd4 {[%clk 0:39:21]}  Qb6 {[%clk 0:26:34]} 16. Rb1 {[%clk 0:38:01]}  Bd7 {[%clk 0:21:26]} 17. h3 {[%clk 0:37:12]}  b4 {[%clk 0:16:11]} 18. Nc2 {[%clk 0:34:26]}  Qb7 {[%clk 0:10:22]} 19. Nh5 {[%clk 0:30:29]}  Rg8 {[%clk 0:03:48]} 20. Nxb4 {[%clk 0:21:37]}  a5 {[%clk 0:01:21]} 21. Nc2 {[%clk 0:20:03]}  Qc8 {[%clk 0:13:49]} 22. Nf4 {[%clk 0:16:06]}  Ba4 {[%clk 0:12:49]} 23. Qc1 {[%clk 0:13:59]}  h6 {[%clk 0:12:11]} 24. Nd4 {[%clk 0:11:27]}  Bc5 {[%clk 0:11:06]} 25. Ba1 {[%clk 0:08:48]}  Ra7 {[%clk 0:09:32]} 26. Qb2 {[%clk 0:07:40]}  Bd6 {[%clk 0:08:15]} 27. Qb6 {[%clk 0:06:45]}  Bc5 {[%clk 0:07:23]} 28. Qb8 {[%clk 0:03:11]}  Ra8 {[%clk 0:06:04]} 29. Qe5+ {[%clk 0:01:56]}  Be7 {[%clk 0:05:31]} 30. Nxd5 {[%clk 0:01:17]}  Qd8 {[%clk 0:04:33]} 31. Nxe7 {[%clk 0:00:58]}  Qxe7 {[%clk 0:03:30]} 32. Qxe7+ {[%clk 0:01:56]}  Kxe7 {[%clk 0:03:10]} 33. Rb7+ {[%clk 0:01:29]}  Ke8 {[%clk 0:02:13]} 34. Bxc4 {[%clk 0:01:07]}  Rf8 {[%clk 0:01:59]} 35. Nf5 {[%clk 0:00:02]}  Bc6 {[%clk 0:01:51]} 36. Nxg7+ {[%clk 0:01:43]}  Kd8 {[%clk 0:01:30]} 37. Bxf6+ {[%clk 0:01:27]} 1-0

[Event "Week's Tournament Elo 1799- (WT1)"]
[Site "Biel, CH"]
[Date "2025.07.22"]
[Round "2"]
[White "Archit Saigal"]
[Black "Thornley, Oliver"]
[Result "0-1"]
[Board "8"]
[WhiteFideId "46631291"]
[BlackFideId "445916"]
[WhiteElo "1494"]
[BlackElo "1714"]
[WhiteTeam "IND"]
[BlackTeam "ENG"]
[WhiteClock "0:00:32"]
[BlackClock "0:05:37"]
[Variant "Standard"]

1. e4 {[%clk 0:47:17]}  c5 {[%clk 1:00:40]} 2. Nf3 {[%clk 0:47:11]}  e6 {[%clk 1:01:04]} 3. c3 {[%clk 0:47:36]}  d5 {[%clk 1:01:30]} 4. exd5 {[%clk 0:48:01]}  Qxd5 {[%clk 1:01:17]} 5. d4 {[%clk 0:47:56]}  Nf6 {[%clk 0:56:09]} 6. Na3 {[%clk 0:42:02]}  a6 {[%clk 1:01:27]} 7. Bc4 {[%clk 0:35:19]}  Qd8 {[%clk 1:01:25]} 8. O-O {[%clk 0:35:39]}  b5 {[%clk 1:01:12]} 9. Bd3 {[%clk 0:33:03]}  Bb7 {[%clk 0:59:03]} 10. Re1 {[%clk 0:31:14]}  c4 {[%clk 0:57:23]} 11. Bf1 {[%clk 0:26:18]}  Bd6 {[%clk 0:56:31]} 12. Bg5 {[%clk 0:25:46]}  O-O {[%clk 0:51:34]} 13. Ne5 {[%clk 0:12:11]}  Be7 {[%clk 0:41:09]} 14. Nc2 {[%clk 0:07:45]}  Nc6 {[%clk 0:36:16]} 15. f4 {[%clk 0:01:21]}  Qc7 {[%clk 0:33:05]} 16. Ne3 {[%clk 0:11:46]}  Rad8 {[%clk 0:32:38]} 17. Qe2 {[%clk 0:01:09]}  Ne4 {[%clk 0:27:34]} 18. Bxe7 {[%clk 0:05:46]}  Nxe7 {[%clk 0:27:00]} 19. Qg4 {[%clk 0:03:36]}  f5 {[%clk 0:22:29]} 20. Qh5 {[%clk 0:01:50]}  Nc6 {[%clk 0:21:10]} 21. Rad1 {[%clk 0:00:15]}  Nxe5 {[%clk 0:13:07]} 22. dxe5 {[%clk 0:00:58]}  g6 {[%clk 0:11:53]} 23. Qe2 {[%clk 0:00:50]}  Nc5 {[%clk 0:11:56]} 24. Rd4 {[%clk 0:00:36]}  Rxd4 {[%clk 0:09:49]} 25. cxd4 {[%clk 0:01:05]}  Nd3 {[%clk 0:10:07]} 26. Rd1 {[%clk 0:00:57]}  Nxf4 {[%clk 0:09:53]} 27. Qf2 {[%clk 0:00:38]}  Nd5 {[%clk 0:09:57]} 28. a4 {[%clk 0:00:35]}  Qa5 {[%clk 0:07:06]} 29. axb5 {[%clk 0:00:42]}  axb5 {[%clk 0:06:17]} 30. Nxd5 {[%clk 0:00:40]}  Bxd5 {[%clk 0:07:36]} 31. Rc1 {[%clk 0:00:36]}  Rc8 {[%clk 0:07:18]} 32. Rc3 {[%clk 0:00:36]}  b4 {[%clk 0:07:13]} 33. Rh3 {[%clk 0:01:05]}  c3 {[%clk 0:05:41]} 34. Qc2 {[%clk 0:01:22]}  b3 {[%clk 0:05:33]} 35. Qf2 {[%clk 0:00:37]}  c2 {[%clk 0:05:27]} 36. Qh4 {[%clk 0:00:40]}  Qc7 {[%clk 0:05:47]} 37. Rc3 {[%clk 0:00:32]}  c1=Q {[%clk 0:05:37]} 0-1

[Event "Week's Tournament Elo 1799- (WT1)"]
[Site "Biel, CH"]
[Date "2025.07.22"]
[Round "2"]
[White "Trzcinska, Weronika"]
[Black "Studer, Jonas"]
[Result "1-0"]
[Board "9"]
[WhiteFideId "41862155"]
[BlackFideId "1327968"]
[WhiteElo "1712"]
[BlackElo "1550"]
[WhiteTeam "POL"]
[BlackTeam "SUI"]
[WhiteClock "0:10:26"]
[BlackClock "0:07:47"]
[Variant "Standard"]

1. e4 {[%clk 1:00:58]}  d6 {[%clk 1:00:45]} 2. Nf3 {[%clk 1:01:13]}  Nf6 {[%clk 1:00:57]} 3. Nc3 {[%clk 1:01:29]}  g6 {[%clk 1:01:17]} 4. Be2 {[%clk 1:01:17]}  Bg7 {[%clk 1:01:31]} 5. d3 {[%clk 1:01:21]}  O-O {[%clk 1:01:49]} 6. O-O {[%clk 1:01:39]}  Nc6 {[%clk 1:01:59]} 7. Bd2 {[%clk 1:01:35]}  e6 {[%clk 1:00:31]} 8. Qc1 {[%clk 1:00:47]}  Re8 {[%clk 0:52:59]} 9. Bh6 {[%clk 1:00:40]}  d5 {[%clk 0:51:38]} 10. Bxg7 {[%clk 0:59:28]}  Kxg7 {[%clk 0:51:56]} 11. Nd2 {[%clk 0:50:51]}  d4 {[%clk 0:51:37]} 12. Nd1 {[%clk 0:50:17]}  Ne7 {[%clk 0:48:35]} 13. b3 {[%clk 0:47:46]}  Neg8 {[%clk 0:48:09]} 14. Nb2 {[%clk 0:47:13]}  Nh6 {[%clk 0:43:42]} 15. Qd1 {[%clk 0:45:17]}  e5 {[%clk 0:43:23]} 16. h3 {[%clk 0:44:12]}  Bd7 {[%clk 0:42:27]} 17. a4 {[%clk 0:39:48]}  Qc8 {[%clk 0:42:05]} 18. Nf3 {[%clk 0:38:52]}  Nh5 {[%clk 0:40:49]} 19. Nh2 {[%clk 0:38:16]}  Nf4 {[%clk 0:40:51]} 20. Bf3 {[%clk 0:37:02]}  Qd8 {[%clk 0:36:49]} 21. Ng4 {[%clk 0:31:03]}  Qg5 {[%clk 0:34:02]} 22. Kh2 {[%clk 0:22:04]}  f5 {[%clk 0:26:46]} 23. Nxh6 {[%clk 0:24:44]}  Qxh6 {[%clk 0:25:37]} 24. exf5 {[%clk 0:23:20]}  Bxf5 {[%clk 0:25:33]} 25. Bg4 {[%clk 0:22:53]}  Rg8 {[%clk 0:21:27]} 26. Nc4 {[%clk 0:20:12]}  e4 {[%clk 0:18:37]} 27. dxe4 {[%clk 0:18:55]}  Bxe4 {[%clk 0:20:42]} 28. Bf3 {[%clk 0:18:57]}  Bf5 {[%clk 0:17:07]} 29. Bg4 {[%clk 0:19:08]}  Qh4 {[%clk 0:16:51]} 30. Qf3 {[%clk 0:17:52]}  Bxg4 {[%clk 0:16:52]} 31. Qxf4 {[%clk 0:16:51]}  Qe7 {[%clk 0:13:51]} 32. Qxg4 {[%clk 0:17:01]}  Rad8 {[%clk 0:13:17]} 33. Rae1 {[%clk 0:17:19]}  Qf6 {[%clk 0:12:36]} 34. Re6 {[%clk 0:17:21]}  Qf8 {[%clk 0:12:12]} 35. Qg5 {[%clk 0:17:10]}  Rd7 {[%clk 0:11:14]} 36. Rfe1 {[%clk 0:16:47]}  Rf7 {[%clk 0:10:17]} 37. f3 {[%clk 0:16:34]}  Qb4 {[%clk 0:08:02]} 38. Re7 {[%clk 0:15:00]}  Rgf8 {[%clk 0:08:13]} 39. Qe5+ {[%clk 0:13:51]}  Kg8 {[%clk 0:08:27]} 40. Re4 {[%clk 0:12:54]}  d3 {[%clk 0:07:24]} 41. cxd3 {[%clk 0:11:15]}  Qxb3 {[%clk 0:07:33]} 42. Qxc7 {[%clk 0:10:46]}  Qxa4 {[%clk 0:07:37]} 43. Qxb7 {[%clk 0:10:08]}  Qd1 {[%clk 0:06:58]} 44. Qxa7 {[%clk 0:10:01]}  Qxd3 {[%clk 0:07:22]} 45. Rxf7 {[%clk 0:10:15]}  Rxf7 {[%clk 0:07:38]} 46. Qxf7+ {[%clk 0:10:30]}  Kxf7 {[%clk 0:07:47]} 47. Ne5+ {[%clk 0:10:26]} 1-0

[Event "Week's Tournament Elo 1799- (WT1)"]
[Site "Biel, CH"]
[Date "2025.07.22"]
[Round "2"]
[White "Vassiliev, Jacob Brandon"]
[Black "Lupei, Denis"]
[Result "0-1"]
[Board "13"]
[WhiteFideId "39950573"]
[BlackFideId "34611231"]
[WhiteElo "1558"]
[BlackElo "1784"]
[WhiteTeam "USA"]
[BlackTeam "GER"]
[WhiteClock "0:41:50"]
[BlackClock "0:07:04"]
[Variant "Standard"]

1. d4 {[%clk 1:00:24]}  Nf6 {[%clk 1:00:55]} 2. Nf3 {[%clk 1:00:10]}  d5 {[%clk 0:58:50]} 3. e3 {[%clk 1:00:14]}  e6 {[%clk 0:57:49]} 4. Bd3 {[%clk 1:00:29]}  Be7 {[%clk 0:57:11]} 5. Nbd2 {[%clk 1:00:05]}  O-O {[%clk 0:54:56]} 6. O-O {[%clk 0:58:10]}  b6 {[%clk 0:53:44]} 7. Ne5 {[%clk 0:58:17]}  Bb7 {[%clk 0:50:36]} 8. b3 {[%clk 0:58:21]}  Nbd7 {[%clk 0:41:12]} 9. f4 {[%clk 0:58:28]}  Ne4 {[%clk 0:36:31]} 10. Qg4 {[%clk 0:57:39]}  f5 {[%clk 0:34:05]} 11. Qh5 {[%clk 0:41:31]}  Nxe5 {[%clk 0:33:52]} 12. fxe5 {[%clk 0:39:38]}  Qe8 {[%clk 0:17:25]} 13. Qh3 {[%clk 0:53:41]}  Qd7 {[%clk 0:08:41]} 14. Nxe4 {[%clk 0:51:37]}  fxe4 {[%clk 0:08:31]} 15. Rxf8+ {[%clk 0:51:06]}  Rxf8 {[%clk 0:08:53]} 16. Be2 {[%clk 0:51:17]}  Bc8 {[%clk 0:06:32]} 17. Bd2 {[%clk 0:48:24]}  c5 {[%clk 0:04:39]} 18. c3 {[%clk 0:51:03]}  Qc7 {[%clk 0:04:05]} 19. Rc1 {[%clk 0:51:17]}  Bd7 {[%clk 0:02:02]} 20. Bg4 {[%clk 0:51:26]}  Qc6 {[%clk 0:02:00]} 21. b4 {[%clk 0:51:18]}  c4 {[%clk 0:02:05]} 22. b5 {[%clk 0:51:30]}  Qc8 {[%clk 0:02:29]} 23. Be1 {[%clk 0:51:01]}  Ba3 {[%clk 0:01:31]} 24. Rb1 {[%clk 0:51:06]}  Qe8 {[%clk 0:01:56]} 25. Bh4 {[%clk 0:50:49]}  h5 {[%clk 0:01:14]} 26. Be2 {[%clk 0:50:41]}  Bxb5 {[%clk 0:01:02]} 27. Bg5 {[%clk 0:50:52]}  g6 {[%clk 0:00:51]} 28. Bh6 {[%clk 0:50:31]}  Rf7 {[%clk 0:00:58]} 29. Qg3 {[%clk 0:50:34]}  Kh7 {[%clk 0:01:14]} 30. Bg5 {[%clk 0:50:39]}  Bd7 {[%clk 0:01:12]} 31. Qh3 {[%clk 0:50:18]}  Be7 {[%clk 0:00:42]} 32. Bf4 {[%clk 0:50:24]}  Kg8 {[%clk 0:00:42]} 33. g4 {[%clk 0:50:23]}  h4 {[%clk 0:00:33]} 34. g5 {[%clk 0:50:34]}  Rh7 {[%clk 0:00:53]} 35. Bg4 {[%clk 0:50:41]}  Bd8 {[%clk 0:00:58]} 36. Kf2 {[%clk 0:50:20]}  Qf7 {[%clk 0:01:00]} 37. Ke2 {[%clk 0:50:29]}  a5 {[%clk 0:01:09]} 38. Rf1 {[%clk 0:50:44]}  Qe7 {[%clk 0:01:27]} 39. Rb1 {[%clk 0:50:22]}  Kf7 {[%clk 0:01:34]} 40. Qf1 {[%clk 0:50:22]}  Kg7 {[%clk 0:01:53]} 41. Qc1 {[%clk 0:49:45]}  b5 {[%clk 0:00:53]} 42. Qb2 {[%clk 0:49:39]}  a4 {[%clk 0:00:39]} 43. a3 {[%clk 0:49:43]}  Rh8 {[%clk 0:00:44]} 44. h3 {[%clk 0:49:48]}  Ba5 {[%clk 0:00:52]} 45. Kd2 {[%clk 0:49:38]}  Rb8 {[%clk 0:00:41]} 46. Kc2 {[%clk 0:49:14]}  Bc7 {[%clk 0:00:55]} 47. Bd1 {[%clk 0:48:56]}  Qf8 {[%clk 0:00:53]} 48. Be2 {[%clk 0:48:56]}  Bd8 {[%clk 0:01:02]} 49. Rf1 {[%clk 0:49:02]}  Be7 {[%clk 0:01:01]} 50. Bh2 {[%clk 0:48:48]}  Qd8 {[%clk 0:01:18]} 51. Rf6 {[%clk 0:47:41]}  Rb7 {[%clk 0:01:15]} 52. Qb1 {[%clk 0:46:58]}  Bxa3 {[%clk 0:00:34]} 53. Qf1 {[%clk 0:46:54]}  Qe8 {[%clk 0:00:49]} 54. Qf2 {[%clk 0:46:34]}  Be7 {[%clk 0:01:03]} 55. Qxh4 {[%clk 0:46:33]}  Bxf6 {[%clk 0:00:52]} 56. exf6+ {[%clk 0:46:40]}  Kg8 {[%clk 0:01:11]} 57. Qh6 {[%clk 0:46:25]}  Bc8 {[%clk 0:01:06]} 58. Bh5 {[%clk 0:45:03]}  Rh7 {[%clk 0:00:34]} 59. Qxg6+ {[%clk 0:45:22]}  Qxg6 {[%clk 0:00:37]} 60. Bxg6 {[%clk 0:45:44]}  Rb7 {[%clk 0:00:37]} 61. f7+ {[%clk 0:45:41]}  Rxf7 {[%clk 0:00:58]} 62. Bxf7+ {[%clk 0:46:05]}  Kxf7 {[%clk 0:01:26]} 63. h4 {[%clk 0:46:21]}  Kg6 {[%clk 0:01:55]} 64. Bd6 {[%clk 0:46:12]}  Bd7 {[%clk 0:02:12]} 65. Kb2 {[%clk 0:45:39]}  Be8 {[%clk 0:02:36]} 66. Ka3 {[%clk 0:45:45]}  Kh5 {[%clk 0:01:48]} 67. Be7 {[%clk 0:44:06]}  Kg4 {[%clk 0:02:12]} 68. g6 {[%clk 0:44:36]}  Bxg6 {[%clk 0:02:31]} 69. Bg5 {[%clk 0:44:59]}  Kf3 {[%clk 0:02:47]} 70. Kb4 {[%clk 0:44:55]}  Ke2 {[%clk 0:02:53]} 71. Be7 {[%clk 0:41:57]}  Kxe3 {[%clk 0:02:40]} 72. Kxb5 {[%clk 0:41:52]}  Kd3 {[%clk 0:02:30]} 73. Kxa4 {[%clk 0:41:35]}  Kxc3 {[%clk 0:02:53]} 74. Bg5 {[%clk 0:41:30]}  Kxd4 {[%clk 0:03:14]} 75. Kb4 {[%clk 0:40:46]}  Kd3 {[%clk 0:03:29]} 76. Ka3 {[%clk 0:40:44]}  e3 {[%clk 0:03:54]} 77. Bxe3 {[%clk 0:40:00]}  Kxe3 {[%clk 0:04:20]} 78. h5 {[%clk 0:40:22]}  Bxh5 {[%clk 0:04:22]} 79. Kb2 {[%clk 0:40:39]}  Kd2 {[%clk 0:04:42]} 80. Kb1 {[%clk 0:40:16]}  d4 {[%clk 0:04:46]} 81. Kb2 {[%clk 0:40:32]}  e5 {[%clk 0:05:10]} 82. Kb1 {[%clk 0:40:40]}  e4 {[%clk 0:05:35]} 83. Kb2 {[%clk 0:41:02]}  c3+ {[%clk 0:05:54]} 84. Kb1 {[%clk 0:41:15]}  c2+ {[%clk 0:06:18]} 85. Kb2 {[%clk 0:41:40]}  c1=Q+ {[%clk 0:06:41]} 86. Ka2 {[%clk 0:41:50]}  Bf7# {[%clk 0:07:04]} 0-1

[Event "Week's Tournament Elo 1799- (WT1)"]
[Site "Biel, CH"]
[Date "2025.07.22"]
[Round "2"]
[White "Khusainau, Dzmitry"]
[Black "Tellenbach, Benjamin"]
[Result "0-1"]
[Board "15"]
[WhiteFideId "1367471"]
[BlackFideId "1367420"]
[WhiteElo "1682"]
[BlackElo "1645"]
[WhiteTeam "SUI"]
[BlackTeam "SUI"]
[WhiteClock "0:09:15"]
[BlackClock "0:21:46"]
[Variant "Standard"]

1. f4 {[%clk 1:00:57]}  d5 {[%clk 1:00:49]} 2. Nf3 {[%clk 1:01:17]}  Nc6 {[%clk 1:01:03]} 3. g3 {[%clk 1:00:14]}  Bf5 {[%clk 1:00:55]} 4. Bg2 {[%clk 0:59:55]}  Nf6 {[%clk 1:00:44]} 5. O-O {[%clk 0:58:55]}  e6 {[%clk 1:00:24]} 6. d3 {[%clk 0:58:17]}  Bc5+ {[%clk 0:59:40]} 7. e3 {[%clk 1:02:08]}  O-O {[%clk 0:55:33]} 8. Nh4 {[%clk 1:00:22]}  Bg4 {[%clk 0:52:32]} 9. Qd2 {[%clk 0:55:05]}  Qd7 {[%clk 0:47:45]} 10. h3 {[%clk 0:53:44]}  Bh5 {[%clk 0:48:01]} 11. g4 {[%clk 0:53:43]}  Bg6 {[%clk 0:48:12]} 12. Nxg6 {[%clk 0:51:25]}  fxg6 {[%clk 0:45:28]} 13. Kh1 {[%clk 0:46:14]}  e5 {[%clk 0:40:29]} 14. fxe5 {[%clk 0:44:16]}  Nxe5 {[%clk 0:41:01]} 15. Qc3 {[%clk 0:37:43]}  Bd6 {[%clk 0:34:28]} 16. Qb3 {[%clk 0:35:39]}  c6 {[%clk 0:32:36]} 17. Nc3 {[%clk 0:25:07]}  Nexg4 {[%clk 0:27:48]} 18. hxg4 {[%clk 0:27:27]}  Qxg4 {[%clk 0:24:23]} 19. Rf3 {[%clk 0:22:59]}  Qh4+ {[%clk 0:26:37]} 20. Bh3 {[%clk 0:17:56]}  Ng4 {[%clk 0:25:05]} 21. Nxd5 {[%clk 0:09:15]}  Rxf3 {[%clk 0:21:46]} 0-1

[Event "Week's Tournament Elo 1799- (WT1)"]
[Site "Biel, CH"]
[Date "2025.07.22"]
[Round "2"]
[White "Bachvarov, Viktor"]
[Black "Pan, Haoquan"]
[Result "0-1"]
[Board "16"]
[WhiteFideId "1361473"]
[BlackFideId "523003065"]
[WhiteElo "1631"]
[BlackElo "1496"]
[WhiteTeam "SUI"]
[BlackTeam "ESP"]
[WhiteClock "0:47:36"]
[BlackClock "1:01:52"]
[Variant "Standard"]

1. e4 {[%clk 1:00:58]}  c5 {[%clk 1:00:56]} 2. Nf3 {[%clk 1:01:24]}  Nc6 {[%clk 1:01:19]} 3. d4 {[%clk 1:01:49]}  cxd4 {[%clk 1:01:42]} 4. Nxd4 {[%clk 1:02:13]}  g6 {[%clk 1:02:02]} 5. Nc3 {[%clk 1:02:29]}  Bg7 {[%clk 1:02:22]} 6. Be3 {[%clk 1:02:41]}  Nf6 {[%clk 1:02:40]} 7. Bc4 {[%clk 1:02:55]}  O-O {[%clk 1:03:01]} 8. f3 {[%clk 1:01:52]}  Qb6 {[%clk 0:48:00]} 9. Bb3 {[%clk 0:49:15]}  Nxe4 {[%clk 0:46:25]} 10. Nf5 {[%clk 0:48:11]}  Nxc3 {[%clk 0:44:56]} 11. Bxb6 {[%clk 0:47:26]}  Nxd1 {[%clk 0:44:33]} 12. Rxd1 {[%clk 0:47:17]}  axb6 {[%clk 0:44:20]} 13. Nxg7 {[%clk 0:47:44]}  Kxg7 {[%clk 1:03:20]} 14. O-O {[%clk 0:48:05]}  d6 {[%clk 1:03:30]} 15. Rfe1 {[%clk 0:48:10]}  Re8 {[%clk 1:03:23]} 16. Rxd6 {[%clk 0:46:25]}  Be6 {[%clk 1:03:13]} 17. Rd3 {[%clk 0:44:52]}  Bxb3 {[%clk 1:02:12]} 18. Rxb3 {[%clk 0:47:28]}  Rxa2 {[%clk 1:02:10]} 19. Rxb6 {[%clk 0:47:44]}  Ra7 {[%clk 1:01:25]} 20. b4 {[%clk 0:47:22]}  e6 {[%clk 1:02:36]} 21. b5 {[%clk 0:46:18]}  Nd4 {[%clk 1:02:02]} 22. c3 {[%clk 0:44:48]}  Nf5 {[%clk 1:01:10]} 23. g4 {[%clk 0:44:15]}  Ne7 {[%clk 1:00:55]} 24. c4 {[%clk 0:47:28]}  Nc8 {[%clk 0:59:20]} 25. Rxb7 {[%clk 0:47:37]}  Rxb7 {[%clk 1:00:25]} 26. Kf2 {[%clk 0:47:59]}  Nd6 {[%clk 1:00:54]} 27. Rc1 {[%clk 0:47:39]}  Nxc4 {[%clk 1:00:57]} 28. Rxc4 {[%clk 0:48:48]}  Rxb5 {[%clk 1:01:23]} 29. Kg3 {[%clk 0:49:14]}  Rd8 {[%clk 1:01:38]} 30. f4 {[%clk 0:48:39]}  Rd3+ {[%clk 1:01:35]} 31. Kh4 {[%clk 0:48:38]}  Rbb3 {[%clk 1:01:49]} 32. f5 {[%clk 0:48:29]}  Rh3+ {[%clk 1:02:09]} 33. Kg5 {[%clk 0:48:51]}  Rbf3 {[%clk 1:01:16]} 34. f6+ {[%clk 0:48:00]}  Rxf6 {[%clk 1:02:21]} 35. Rc7 {[%clk 0:47:36]}  h6# {[%clk 1:01:52]} 0-1

[Event "Week's Tournament Elo 1799- (WT1)"]
[Site "Biel, CH"]
[Date "2025.07.22"]
[Round "2"]
[White "Boesch, Roman"]
[Black "Trzcinska, Wiktoria"]
[Result "1-0"]
[Board "17"]
[WhiteFideId "1363786"]
[BlackFideId "91111706"]
[WhiteElo "1780"]
[BlackElo "1568"]
[WhiteTeam "SUI"]
[BlackTeam "POL"]
[WhiteClock "0:17:31"]
[BlackClock "0:07:10"]
[Variant "Standard"]

1. d4 {[%clk 1:00:58]}  d5 {[%clk 1:00:40]} 2. c4 {[%clk 1:01:24]}  e6 {[%clk 1:00:47]} 3. Nc3 {[%clk 1:01:45]}  Nf6 {[%clk 1:00:37]} 4. Bg5 {[%clk 1:02:00]}  Bb4 {[%clk 1:00:12]} 5. e3 {[%clk 1:01:48]}  Nc6 {[%clk 0:58:09]} 6. Nf3 {[%clk 0:59:56]}  h6 {[%clk 0:57:45]} 7. Bh4 {[%clk 1:00:52]}  O-O {[%clk 0:51:45]} 8. cxd5 {[%clk 1:00:51]}  exd5 {[%clk 0:51:17]} 9. Bd3 {[%clk 0:57:26]}  Bg4 {[%clk 0:49:45]} 10. Rc1 {[%clk 0:59:45]}  Qd6 {[%clk 0:44:38]} 11. O-O {[%clk 0:59:12]}  Bxc3 {[%clk 0:42:52]} 12. bxc3 {[%clk 0:57:02]}  Ne7 {[%clk 0:38:37]} 13. h3 {[%clk 0:54:37]}  Bh5 {[%clk 0:40:48]} 14. Re1 {[%clk 0:52:59]}  Bg6 {[%clk 0:39:35]} 15. Bg3 {[%clk 0:49:45]}  Qd8 {[%clk 0:38:03]} 16. Bxg6 {[%clk 0:47:23]}  Nxg6 {[%clk 0:37:28]} 17. c4 {[%clk 0:46:51]}  c6 {[%clk 0:34:45]} 18. cxd5 {[%clk 0:46:36]}  Nxd5 {[%clk 0:26:43]} 19. e4 {[%clk 0:40:57]}  Nb6 {[%clk 0:31:35]} 20. Ne5 {[%clk 0:37:46]}  Nxe5 {[%clk 0:31:30]} 21. Bxe5 {[%clk 0:38:07]}  f6 {[%clk 0:31:13]} 22. Bg3 {[%clk 0:37:03]}  Qd7 {[%clk 0:30:50]} 23. f4 {[%clk 0:33:49]}  Rad8 {[%clk 0:29:49]} 24. Bf2 {[%clk 0:35:15]}  Qd6 {[%clk 0:27:39]} 25. e5 {[%clk 0:34:02]}  fxe5 {[%clk 0:27:35]} 26. fxe5 {[%clk 0:33:59]}  Qd5 {[%clk 0:22:17]} 27. e6 {[%clk 0:27:35]}  Rfe8 {[%clk 0:21:59]} 28. Re5 {[%clk 0:25:31]}  Qd6 {[%clk 0:20:02]} 29. Qg4 {[%clk 0:25:33]}  Nd5 {[%clk 0:16:13]} 30. Bh4 {[%clk 0:22:22]}  Ne7 {[%clk 0:16:58]} 31. Rd1 {[%clk 0:21:31]}  b6 {[%clk 0:15:30]} 32. Bf6 {[%clk 0:20:27]}  g6 {[%clk 0:14:22]} 33. Rh5 {[%clk 0:18:27]}  Rf8 {[%clk 0:11:19]} 34. Be5 {[%clk 0:17:58]}  Qd5 {[%clk 0:08:18]} 35. Rxh6 {[%clk 0:18:07]}  Rf5 {[%clk 0:07:10]} 36. Rh8# {[%clk 0:17:31]} 1-0